Healthcare performance and organisational culture / (Record no. 128854)

MARC details
000 -LEADER
fixed length control field 00980cam a2200313Ia 4500
008 - FIXED-LENGTH DATA ELEMENTS--GENERAL INFORMATION
fixed length control field
020 ## - INTERNATIONAL STANDARD BOOK NUMBER
International Standard Book Number 1857759141 (pbk.)
049 ## - LOCAL HOLDINGS (OCLC)
Holding library MAIN
090 ## - LOCALLY ASSIGNED LC-TYPE CALL NUMBER (OCLC); LOCAL CALL NUMBER (RLIN)
Classification number (OCLC) (R) ; Classification number, CALL (RLIN) (NR) RA971.H43
Local cutter number (OCLC) ; Book number/undivided call number, CALL (RLIN) HEA
003 - CONTROL NUMBER IDENTIFIER
control field
005 - DATE AND TIME OF LATEST TRANSACTION
control field 20230123122147.0
040 ## - CATALOGING SOURCE
Transcribing agency NUST
245 00 - TITLE STATEMENT
Title Healthcare performance and organisational culture /
Statement of responsibility, etc. Tim Scott ... [et al.]
260 ## - PUBLICATION, DISTRIBUTION, ETC.
Place of publication, distribution, etc. Abingdon, Oxon, U.K. :
Name of publisher, distributor, etc. Radcliffe Medical Press,
Date of publication, distribution, etc. c2003.
500 ## - GENERAL NOTE
General note Includes index.
504 ## - BIBLIOGRAPHY, ETC. NOTE
Bibliography, etc. note Includes bibliographical references.
650 #0 - SUBJECT ADDED ENTRY--TOPICAL TERM
Topical term or geographic name entry element Health services administration.
650 #0 - SUBJECT ADDED ENTRY--TOPICAL TERM
Topical term or geographic name entry element Corporate culture.
650 #0 - SUBJECT ADDED ENTRY--TOPICAL TERM
Topical term or geographic name entry element Organizational effectiveness.
650 #0 - SUBJECT ADDED ENTRY--TOPICAL TERM
Topical term or geographic name entry element Organizational behavior.
650 12 - SUBJECT ADDED ENTRY--TOPICAL TERM
Topical term or geographic name entry element Health Services Administration.
650 22 - SUBJECT ADDED ENTRY--TOPICAL TERM
Topical term or geographic name entry element Organizational Culture.
700 1# - ADDED ENTRY--PERSONAL NAME
Personal name Scott, Tim.
700 ## - ADDED ENTRY--PERSONAL NAME
Personal name Mannion, Russell.
700 ## - ADDED ENTRY--PERSONAL NAME
Personal name Davies, Huw.
700 ## - ADDED ENTRY--PERSONAL NAME
Personal name Marshall, Martin.
907 ## - LOCAL DATA ELEMENT G, LDG (RLIN)
a .b10360517
b 03-09-15
c 02-09-15
942 ## - ADDED ENTRY ELEMENTS (KOHA)
Koha item type Ordinary Loan Books
Call number prefix RA971.H43
Call number suffix HEA
Holdings
Date last seen Total Checkouts Full call number Barcode Cost, replacement price Price effective from Koha item type Lost status Source of classification or shelving scheme Damaged status Not for loan Collection Withdrawn status Home library Current library Shelving location Date acquired Cost, normal purchase price
01/23/2023   RA971.H43 HEA 92004039326 80.00 01/23/2023 BOOKS   LCC     NFIC   MAIN MAIN GEN 01/23/2023 80.00